000 00994nmm a2200301 a 4500
001 ocm000716584
003 TR-IsHL
005 20201028152407.0
008 150709s2008 tu tur
007 cr cn
035 _a716584
_b(N$T)
050 0 4 _aBF385
_b.Ş46 2008
090 0 4 _aBF385
_b.Ş46 2008
100 1 _aŞenyürek, Bülent
245 1 0 _aSüper hafıza 5000: beyninizi renklendirin
_h[electronic resource] /
_cBülent Şenyürek ; Zeynep Müge Kasaroğlu
250 _a1. bs.
260 _aİstanbul :
_bAkis Kitap,
_c2008
300 _a192 p.
650 4 _aFelsefe, Psikoloji ve Din
650 4 _aPhilosophy, Psychology and Religion
650 0 _aBellek
650 0 _aMemory
650 0 _aBellek geliştirme yöntemi
650 0 _aMnemonics
650 7 _aSELF-HELP / Personal Growth / Memory Improvement
_2bisacsh
700 1 _aKasaroğlu, Zeynep Müge
856 4 0 _uhttp://search.ebscohost.com/login.aspx?direct=true&scope=site&db=e011xww&AN=716584
999 _c11504
_d11504